| 000 | 00728nam a2200205 4500 | ||
|---|---|---|---|
| 001 | 148262 | ||
| 003 | ES-MaACL | ||
| 007 | t| | ||
| 008 | 070214s1973 mx r ||||1| spa d | ||
| 100 | 1 |
_aStone, Julius. _9108307 |
|
| 245 | 1 | 3 |
_aEl Derecho y las ciencias sociales en la segunda mitad del siglo / _cpor Julius Stone ; [traducción de Remigio Jasso]. |
| 250 | _a[1ª ed. en español]. | ||
| 260 |
_aMéxico : _bFondo de Cultura Económica, _c1973. |
||
| 300 |
_a187 p. ; _c17 cm. |
||
| 490 | 1 |
_aBreviarios del Fondo de Cultura Económica ; _v234 |
|
| 700 | 1 |
_aJasso, Remigio. _966156 |
|
| 830 | 0 |
_aBreviarios del Fondo de Cultura Económica ; _v234 _9179682 |
|
| 852 |
_aES-MaACL _jL-8373 _bR.109072 |
||
| 999 |
_c148262 _d148262 |
||